Práctica empresarial sensible al conflicto : (Registro nro. 5470)
[ vista simple ]
| 000 -CABECERA | |
|---|---|
| Campo de control | 01069nam a2200253 a 4500 |
| 005 - FECHA Y HORA DE LA ULTIMA TRANSACCION | |
| Campo de control | 20160302165032.0 |
| 008 - ELEMENTOS DE LONGITUD FIJA—INFORMACION GENERAL | |
| Campo de control | 061127s2006 ck a gr 000 0 spa d |
| 020 ## - ISBN | |
| ISBN | 9589773699 |
| 040 ## - FUENTE DE CATALOGACIÓN | |
| Agencia catalogadora original | CO-BoBLA |
| Agencia transcriptora | CO-BoBLA |
| Agencia Modificadora | CO-BoIAVH |
| 041 0# - IDIOMA | |
| Código de idioma para texto/pista de sonido o título separado | Español |
| 044 ## - PAÍS DE PUBLICACIÓN | |
| País de publicación | Colombia |
| 082 04 - NUMERO DE CLASIFICACION DECIMAL DEWEY | |
| Número de clasificación | 333.75153 |
| Número del ítem | L36p |
| 100 1# - ASIENTO PRINCIPAL--NOMBRE PERSONAL | |
| Nombre personal | Leonhardt, Manuela. |
| 9 (RLIN) | 63316 |
| 245 10 - MENCION DE TITULO | |
| Título | Práctica empresarial sensible al conflicto : |
| Parte restante del título | guía para la reforestación comercial en Colombia (PESC-R) / |
| Mención de responsabilidad | Manuela Leonhardt, José Miguel Orozco. |
| 260 ## - PUBLICACION, DISTRIBUCION, ETC. (PIE DE IMPRENTA) | |
| Lugar de publicación, distribución, etc. | Bogotá : |
| Nombre del editor, distribuidor, etc. | Deutsche Gesellschaft fr Technische Zusammenarbeit (GTZ) GmbH, |
| Fecha de publicación, distribución, etc. | 2006. |
| 300 ## - DESCRIPCION FISICA | |
| Extensión | 94 páginas : |
| Otros detalles físicos | Ilustraciones ; |
| Dimensiones | 30 x 21 cm. |
| 504 ## - NOTA DE BIBLIOGRAFIA, ETC. | |
| Nota de bibliografía | Incluye referencias bibliográficas: páginas 92-94. |
| 650 16 - ASIENTO SECUNDARIO DE MATERIA - TERMINO TEMATICO | |
| Término temático o nombre geográfico como elemento de entrada | Reforestación |
| Subdivisión geográfica | Colombia |
| Subdivisión de forma | Guías. |
| 9 (RLIN) | 63317 |
| 650 26 - ASIENTO SECUNDARIO DE MATERIA - TERMINO TEMATICO | |
| Término temático o nombre geográfico como elemento de entrada | Conservación de bosques |
| Subdivisión geográfica | Colombia |
| Subdivisión de forma | Guías. |
| 9 (RLIN) | 63318 |
| 650 24 - ASIENTO SECUNDARIO DE MATERIA - TERMINO TEMATICO | |
| Término temático o nombre geográfico como elemento de entrada | Industria de la madera |
| Subdivisión geográfica | Colombia |
| Subdivisión de forma | Guías. |
| 9 (RLIN) | 63319 |
| 650 24 - ASIENTO SECUNDARIO DE MATERIA - TERMINO TEMATICO | |
| Término temático o nombre geográfico como elemento de entrada | Explotación forestal |
| Subdivisión geográfica | Colombia |
| Subdivisión de forma | Guías. |
| 9 (RLIN) | 63320 |
| 700 1# - ASIENTO SECUNDARIO - NOMBRE PERSONAL | |
| Nombre personal | Orozco, José Miguel, |
| Fechas asociadas con el nombre | 1895-1976. |
| 9 (RLIN) | 63321 |
| 942 ## - ELEMENTOS ADICIONALES (KOHA) | |
| Sistema de clasificación | Dewey Decimal Classification |
| Tipo de ítem | Libro |
| Withdrawn status | Lost status | Sistema de Clasificación | Damaged status | No para préstamo | Colección | Inventariado | Ubicación Permanente | Ubicación actual | Fecha de adquisición | Fuente de Valor | Valor | Total Checkouts | Número topográfico | Inventario / Código de Barras | Date last seen | Ejemplar | Price effective from | Forma de adquisición | Tipo de material |
|---|---|---|---|---|---|---|---|---|---|---|---|---|---|---|---|---|---|---|---|
| Dewey Decimal Classification | General | Inventariado 2017 | Bogotá | Bogotá | 10/05/2007 | Instituto | 39000.00 | LB-333.75153 L36p | 024071 | 04/12/2012 | Ej. 1 | 04/12/2012 | Libro |